Metrológia a skúšobníctvo odborný časopis pre prax

Bibliographic Details
New Title:Metrológia, skúšobníctvo a technické normy (Tlačené vydanie)
Format: Journal
Language:Slovak
PhysicalDescription:27 zv. 30 cm
Published: Bratislava Úrad pre normalizáciu, metrológiu a skúšobníctvo SR 1996-2022
ISSN:1335-2768
2989-3178
Subjects:
Online Access:https://www.normoff.gov.sk/stranka/376/e-metrologia-a-skusobnictvo/

MARC

LEADER 00000cas a2200000 a 4500
001 vtls008767793
003 SK-MaSNL
005 20260228160546.0
008 060530d19962022xo fr p 0 b0slo
022 |a 1335-2768 
040 |a SNK  |b slo  |c SNK  |d SAVUK  |d SVKBB  |e AACR2 
041 0 |a slo 
044 |a xo  |c SK 
072 7 |a 006  |x Metrológia. Štandardizácia  |2 konspekt 
072 7 |a 620.1/.2  |x Náuka o materiáli  |2 konspekt 
080 |a 006.91  |2 2011 
080 |a 620.1  |2 2011 
080 |a (051)-027.561  |2 2011 
080 |a 050  |2 2001 
210 0 |a Metrol. skúšob. 
222 0 |a Metrológia a skúšobníctvo 
245 0 0 |a Metrológia a skúšobníctvo  |b odborný časopis pre prax 
260 |a Bratislava  |b Úrad pre normalizáciu, metrológiu a skúšobníctvo SR  |c 1996-2022 
300 |a 27 zv.  |c 30 cm 
310 |a 2x ročne  |b 2014- 
321 |a 6x ročne  |b 1996-1999 
321 |a 4x ročne  |b 2000-2013 
362 0 |a Roč. 1, č. 1 (1996)-roč. 27, č. 2 (2022) 
500 |a Registračné č.: MK SR 1421/96 ; EV 3600/09 
504 |a Bibliogr. odkazy 
515 |a Č. 1a (jan.2009) obsahuje príspevky pôvodne určené do č. 4/2008 a je jeho náhradou 
525 |a Má prílohu: Prehľad uznaní prvotného overenia v zahraničí v č. 3/2010 
650 0 7 |a metrológia  |2 SNKPH  |9 940 
650 0 7 |a skúšobníctvo  |2 SNKPH  |9 4202 
650 0 7 |a Metrology  |2 SNKPHeng  |9 266885 
650 0 7 |a Material testing  |2 SNKPHeng  |9 266886 
655 7 |a odborné časopisy  |2 SNKPH  |9 70505 
655 7 |a Professional journals  |2 SNKPHeng  |9 265007 
710 2 |a Slovensko.  |b Úrad pre normalizáciu, metrológiu a skúšobníctvo.  |b Slovenský ústav technickej normalizácie  |4 pbl  |9 158115 
785 0 0 |t Metrológia, skúšobníctvo a technické normy (Tlačené vydanie)  |x 2989-3178 
852 |a Štátna vedecká knižnica v Banskej Bystrici 
856 4 1 |u https://www.normoff.gov.sk/stranka/376/e-metrologia-a-skusobnictvo/ 
910 |a snk 
910 |a savuk 
916 |a 1996-2014, 2015-2018, 2019, 2020, 2021 
999 |c 2971  |d 4901 
952 |0 0  |1 0  |4 0  |7 0  |8 0  |a SNK  |b SNK  |d 2023-11-08  |i snk2023/16100  |l 0  |o snkČSB 5361/27/2022  |p 17A1521948  |r 2026-02-21 19:49:55  |t č. 1-2  |w 2026-02-21  |y PREZ 
952 |0 0  |1 0  |4 0  |7 0  |8 0  |a SNK  |b SNK  |d 2022-03-08  |i snk2022/3553  |l 0  |o snkČSB 5361/24/2019 D1  |p 17A1461537  |r 2026-02-21 20:01:38  |t č. 1-2  |w 2026-02-21  |y PREZ 
952 |0 0  |1 0  |4 0  |7 0  |8 0  |a SNK  |b SNK  |d 2022-03-08  |i snk2022/3555  |l 0  |o snkČSB 5361/25/2020 D1  |p 17A1461538  |r 2026-02-21 20:01:38  |t č. 1-2  |w 2026-02-21  |y PREZ 
952 |0 0  |1 0  |4 0  |7 0  |8 0  |a SNK  |b SNK  |d 2023-02-09  |f 1  |i snk2023/2444  |l 0  |o snkČSB 5361/26/2021  |p 17A1465482  |r 2026-02-21 20:02:22  |t č. 1-2 + 4 príl.  |w 2026-02-21  |y PREZ  |z Príl.: v č. 1 - Metrológia, Jednotka dĺžky, v č. 2 - Jednotka hmotnosti, Jednotka látkového množstva 
952 |0 0  |1 0  |4 0  |7 0  |8 0  |a SNK  |b SNK  |d 2007-02-12  |f 1  |i snk2007/4104  |l 0  |o snkČSB 5361/1/1996  |p 17A0524875  |r 2026-02-21 20:19:43  |t č. 1-4  |w 2026-02-21  |y PREZ  |z Obsah v č. 4 
952 |0 0  |1 0  |4 0  |7 0  |8 0  |a SNK  |b SNK  |d 2007-02-12  |i snk2007/4105  |l 0  |o snkČSB 5361/1/1996 D1  |p 17A0524876  |r 2026-02-21 20:19:45  |t č. 1-4, neúplné  |w 2026-02-21  |y PREZ  |z Chýba č.1-3. Obsah je v č. 4. 
952 |0 0  |1 0  |4 0  |7 0  |8 0  |a SNK  |b SNK  |d 2007-02-12  |f 1  |i snk2007/4106  |l 0  |o snkČSB 5361/2/1997  |p 17A0524877  |r 2026-02-21 20:19:45  |t č. 1-6  |w 2026-02-21  |y PREZ  |z Obsah v č. 6. 
952 |0 0  |1 0  |4 0  |7 0  |8 0  |a SNK  |b SNK  |d 2007-02-12  |i snk2007/4107  |l 0  |o snkČSB 5361/2/1997 D1  |p 17A0524878  |r 2026-02-21 20:19:47  |t č. 1-6, neúplné  |w 2026-02-21  |y PREZ  |z Chýba č. 2,3. Obsah je v č. 6. 
952 |0 0  |1 0  |4 0  |7 0  |8 0  |a SNK  |b SNK  |d 2007-02-12  |f 1  |i snk2007/4108  |l 0  |o snkČSB 5361/3/1998  |p 17A0524879  |r 2026-02-21 20:19:47  |t č. 1-6   |w 2026-02-21  |y PREZ  |z Chýba č. 2,3. 
952 |0 0  |1 0  |4 0  |7 0  |8 0  |a SNK  |b SNK  |d 2007-02-12  |i snk2007/4109  |l 0  |o snkČSB 5361/3/1998 D1  |p 17A0524880  |r 2026-02-21 20:19:47  |t č. 1-6, neúplné  |w 2026-02-21  |y PREZ  |z Chýba č. 2,3. 
952 |0 0  |1 0  |4 0  |7 0  |8 0  |a SNK  |b SNK  |d 2007-02-12  |f 1  |i snk2007/4110  |l 0  |o snkČSB 5361/4/1999  |p 17A0524881  |r 2026-02-21 20:19:47  |t č. 1-5, neúplné  |w 2026-02-21  |y PREZ  |z Chýba č. 6. Obsah v č. 1/2000. 
952 |0 0  |1 0  |4 0  |7 0  |8 0  |a SNK  |b SNK  |d 2007-02-12  |i snk2007/4111  |l 0  |o snkČSB 5361/4/1999 D1  |p 17A0524882  |r 2026-02-21 20:19:47  |t č. 1-5, neúplné  |w 2026-02-21  |y PREZ  |z Chýba č. 6. Obsah v č. 1/2000. 
952 |0 0  |1 0  |4 0  |7 0  |8 0  |a SNK  |b SNK  |d 2007-02-12  |f 1  |i snk2007/4112  |l 0  |o snkČSB 5361/5/2000  |p 17A0524883  |r 2026-02-21 20:19:48  |t č. 1-4, neúplné  |w 2026-02-21  |y PREZ  |z Chýba č. 4. Obsah v č. 1/1999. 
952 |0 0  |1 0  |4 0  |7 0  |8 0  |a SNK  |b SNK  |d 2007-02-12  |i snk2007/4113  |l 0  |o snkČSB 5361/5/2000 D1  |p 17A0524884  |r 2026-02-21 20:19:48  |t č. 1-2, neúplné  |w 2026-02-21  |y PREZ  |z Chýba č. 3-4. Obsah v č. 1/1999. 
952 |0 0  |1 0  |4 0  |7 0  |8 0  |a SNK  |b SNK  |d 2007-02-12  |f 1  |i snk2007/4114  |l 0  |o snkČSB 5361/6/2001  |p 17A0524885  |r 2026-02-21 20:19:48  |t č. 1-4  |w 2026-02-21  |y PREZ  |z Obsah v č. 1/2000. 
952 |0 0  |1 0  |4 0  |7 0  |8 0  |a SNK  |b SNK  |d 2007-02-12  |i snk2007/4115  |l 0  |o snkČSB 5361/6/2001 D1  |p 17A0524886  |r 2026-02-21 20:19:48  |t č. 1-4  |w 2026-02-21  |y PREZ  |z  Obsah v č. 1/2000. 
952 |0 0  |1 0  |4 0  |7 0  |8 0  |a SNK  |b SNK  |d 2007-02-12  |f 1  |i snk2007/4116  |l 0  |o snkČSB 5361/7/2002  |p 17A0524887  |r 2026-02-21 20:19:48  |t č. 1-4  |w 2026-02-21  |y PREZ  |z Obsah v č. 1/2001. 
952 |0 0  |1 0  |4 0  |7 0  |8 0  |a SNK  |b SNK  |d 2007-02-12  |i snk2007/4117  |l 0  |o snkČSB 5361/7/2002 D1  |p 17A0524888  |r 2026-02-21 20:19:48  |t č. 1-4  |w 2026-02-21  |y PREZ  |z Obsah v č. 1/2001. 
952 |0 0  |1 0  |4 0  |7 0  |8 0  |a SNK  |b SNK  |d 2007-02-12  |i snk2007/4119  |l 0  |o snkČSB 5361/8/2003 D1  |p 17A0524889  |r 2026-02-21 20:19:48  |t č. 1-4  |w 2026-02-21  |y PREZ  |z Obsah v č. 1/2002. 
952 |0 0  |1 0  |4 0  |7 0  |8 0  |a SNK  |b SNK  |d 2007-02-12  |f 1  |i snk2007/4118  |l 0  |o snkČSB 5361/8/2003  |p 17A0524890  |r 2026-02-21 20:19:48  |t č. 1-4  |w 2026-02-21  |y PREZ  |z Obsah v č. 1/2002. 
952 |0 0  |1 0  |4 0  |7 0  |8 0  |a SNK  |b SNK  |d 2013-09-03  |i snk2013/20240  |l 0  |o snkČSB 5361/11/2006 D1  |p 17A1085500  |r 2026-02-21 20:50:08  |t č. 1-4 + príl.  |w 2026-02-21  |y PREZ  |z Príloha: Ponuka vzdelávacích aktivít 
952 |0 0  |1 0  |4 0  |7 0  |8 0  |a SNK  |b SNK  |d 2013-09-03  |f 1  |i snk2013/20241  |l 0  |o snkČSB 5361/12/2007  |p 17A1085501  |r 2026-02-21 20:50:08  |t č. 1-4 + príl.  |w 2026-02-21  |y PREZ  |z Príloha: Prehľad uznaní prvotného overenia.... 
952 |0 0  |1 0  |4 0  |7 0  |8 0  |a SNK  |b SNK  |d 2013-09-03  |i snk2013/20242  |l 0  |o snkČSB 5361/12/2007 D1  |p 17A1085502  |r 2026-02-21 20:50:08  |t č. 1-4 + príl.  |w 2026-02-21  |y PREZ  |z Príloha: Prehľad uznaní prvotného preverenia ... 
952 |0 0  |1 0  |4 0  |7 0  |8 0  |a SNK  |b SNK  |d 2013-09-03  |i snk2013/20248  |l 0  |o snkČSB 5361/14/2009 D1  |p 17A1085506  |r 2026-02-21 21:12:53  |t č. 1,1a-4  |w 2026-02-21  |y PREZ 
952 |0 0  |1 0  |4 0  |7 0  |8 0  |a SNK  |b SNK  |d 2013-09-03  |f 1  |i snk2013/20239  |l 0  |o snkČSB 5361/11/2006  |p 17A1085499  |r 2026-02-21 21:12:53  |t č. 1-4 + príl.  |w 2026-02-21  |y PREZ  |z Príloha: Ponuka vzdelávacích aktivít 
952 |0 0  |1 0  |4 0  |7 0  |8 0  |a SNK  |b SNK  |d 2013-09-03  |f 1  |i snk2013/20152  |l 0  |o snkČSB 5361/9/2004  |p 17A1085485  |r 2026-02-21 21:24:01  |t č. 1-4  |w 2026-02-21  |y PREZ 
952 |0 0  |1 0  |4 0  |7 0  |8 0  |a SNK  |b SNK  |d 2013-09-03  |i snk2013/20192  |l 0  |o snkČSB 5361/9/2004 D1  |p 17A1085496  |r 2026-02-21 21:24:02  |t č. 1-4  |w 2026-02-21  |y PREZ 
952 |0 0  |1 0  |4 0  |7 0  |8 0  |a SNK  |b SNK  |d 2013-09-03  |f 1  |i snk2013/20195  |l 0  |o snkČSB 5361/10/2005  |p 17A1085497  |r 2026-02-21 21:24:02  |t č. 1-4 + pril.   |w 2026-02-21  |y PREZ  |z Príloha: Ponuka vzdelávacích aktivít 
952 |0 0  |1 0  |4 0  |7 0  |8 0  |a SNK  |b SNK  |d 2013-09-03  |i snk2013/20238  |l 0  |o snkČSB 5361/10/2005 D1  |p 17A1085498  |r 2026-02-21 21:24:04  |t č. 1-4 + príl.  |w 2026-02-21  |y PREZ  |z Príloha: Ponuka vzdelávacích aktivít 
952 |0 0  |1 0  |4 0  |7 0  |8 0  |a SNK  |b SNK  |d 2013-09-03  |f 1  |i snk2013/20245  |l 0  |o snkČSB 5361/13/2008  |p 17A1085503  |r 2026-02-21 21:24:04  |t č. 1-3   |w 2026-02-21  |y PREZ 
952 |0 0  |1 0  |4 0  |7 0  |8 0  |a SNK  |b SNK  |d 2013-09-03  |i snk2013/20246  |l 0  |o snkČSB 5361/13/2008 D1  |p 17A1085504  |r 2026-02-21 21:24:04  |t č. 1-3  |w 2026-02-21  |y PREZ 
952 |0 0  |1 0  |4 0  |7 0  |8 0  |a SNK  |b SNK  |d 2013-09-03  |f 1  |i snk2013/20247  |l 0  |o snkČSB 5361/14/2009  |p 17A1085505  |r 2026-02-21 21:24:04  |t č. 1,1a-4  |w 2026-02-21  |y PREZ 
952 |0 0  |1 0  |4 0  |7 0  |8 0  |a SNK  |b SNK  |d 2013-09-03  |f 1  |i snk2013/20249  |l 0  |o snkČSB 5361/15/2010  |p 17A1085507  |r 2026-02-21 21:24:04  |t č. 1-4 + príl.  |w 2026-02-21  |y PREZ  |z Príloha: Prehľad uznania prvotného overenia ... 
952 |0 0  |1 0  |4 0  |7 0  |8 0  |a SNK  |b SNK  |d 2013-09-03  |i snk2013/20250  |l 0  |o snkČSB 5361/15/2010 D1  |p 17A1085508  |r 2026-02-21 21:24:04  |t č. 1-4 + príl.  |w 2026-02-21  |y PREZ  |z Príloha: Prehľad uznaní prvotného overenia ... 
952 |0 0  |1 0  |4 0  |7 0  |8 0  |a SNK  |b SNK  |d 2013-09-03  |f 1  |i snk2013/20251  |l 0  |o snkČSB 5361/16/2011  |p 17A1085509  |r 2026-02-21 21:24:04  |t č. 1-4  |w 2026-02-21  |y PREZ 
952 |0 0  |1 0  |4 0  |7 0  |8 0  |a SNK  |b SNK  |d 2013-09-03  |i snk2013/20252  |l 0  |o snkČSB 5361/16/2011 D1  |p 17A1085510  |r 2026-02-21 21:24:04  |t č. 1-4  |w 2026-02-21  |y PREZ 
952 |0 0  |1 0  |4 0  |7 0  |8 0  |a SNK  |b SNK  |d 2013-09-03  |f 1  |i snk2013/20253  |l 0  |o snkČSB 5361/17/2012  |p 17A1085511  |r 2026-02-21 21:24:04  |t č. 1-4 + príl.  |w 2026-02-21  |y PREZ  |z Príloha: Prehľad uznaní prvotného overenia ... 
952 |0 0  |1 0  |4 0  |7 0  |8 0  |a SNK  |b SNK  |d 2013-09-03  |i snk2013/20255  |l 0  |o snkČSB 5361/17/2012 D1  |p 17A1085512  |r 2026-02-21 21:24:04  |t č. 1-4 + príl.  |w 2026-02-21  |y PREZ  |z Príloha: Prehľad uznaní prvotného overenia ... 
952 |0 0  |1 0  |4 0  |7 0  |8 0  |a SNK  |b SNK  |d 2021-07-02  |f 1  |i snk2021/8088  |l 0  |o snkČSB 5361/25/2020  |p 17A1434968  |r 2026-02-21 21:29:36  |t č. 1-2  |w 2026-02-21  |y PREZ 
952 |0 0  |1 0  |4 0  |7 0  |8 0  |a SNK  |b SNK  |d 2015-06-09  |f 1  |i snk2015/17940  |l 0  |o snkČSB 5361/18/2013  |p 17A1143996  |r 2026-02-21 21:45:27  |t č. 1-4  |w 2026-02-21  |y PREZ 
952 |0 0  |1 0  |4 0  |7 0  |8 0  |a SNK  |b SNK  |d 2015-06-09  |i snk2015/17941  |l 0  |o snkČSB 5361/18/2013 D1  |p 17A1143995  |r 2026-02-21 21:45:27  |t č. 1-4  |w 2026-02-21  |y PREZ 
952 |0 0  |1 0  |4 0  |7 0  |8 0  |a SNK  |b SNK  |d 2015-06-09  |f 1  |i snk2015/17942  |l 0  |o snkČSB 5361/19/2014  |p 17A1143994  |r 2026-02-21 21:45:27  |t č. 1-2  |w 2026-02-21  |y PREZ 
952 |0 0  |1 0  |4 0  |7 0  |8 0  |a SNK  |b SNK  |d 2019-10-23  |i snk2019/27041  |l 0  |o snkČSB 5361/19/2014 D1  |p 17A1370816  |r 2026-02-21 22:00:29  |t č. 1-2  |w 2026-02-21  |y PREZ 
952 |0 0  |1 0  |4 0  |7 0  |8 0  |a SNK  |b SNK  |d 2019-10-23  |f 1  |i snk2019/27043  |l 0  |o snkČSB 5361/20/2015  |p 17A1370817  |r 2026-02-21 22:00:29  |t č. 1-2  |w 2026-02-21  |y PREZ 
952 |0 0  |1 0  |4 0  |7 0  |8 0  |a SNK  |b SNK  |d 2019-10-23  |i snk2019/27044  |l 0  |o snkČSB 5361/20/2015 D1  |p 17A1370818  |r 2026-02-21 22:00:29  |t č. 1-2  |w 2026-02-21  |y PREZ 
952 |0 0  |1 0  |4 0  |7 0  |8 0  |a SNK  |b SNK  |d 2019-10-23  |f 1  |i snk2019/27045  |l 0  |o snkČSB 5361/21/2016  |p 17A1370819  |r 2026-02-21 22:00:29  |t č. 1-2  |w 2026-02-21  |y PREZ 
952 |0 0  |1 0  |4 0  |7 0  |8 0  |a SNK  |b SNK  |d 2019-10-23  |i snk2019/27047  |l 0  |o snkČSB 5361/21/2016 D1  |p 17A1370820  |r 2026-02-21 22:00:29  |t č. 1-2  |w 2026-02-21  |y PREZ 
952 |0 0  |1 0  |4 0  |7 0  |8 0  |a SNK  |b SNK  |d 2019-10-23  |f 1  |i snk2019/27054  |l 0  |o snkČSB 5361/22/2017  |p 17A1370821  |r 2026-02-21 22:00:29  |t č. 1-2  |w 2026-02-21  |y PREZ 
952 |0 0  |1 0  |4 0  |7 0  |8 0  |a SNK  |b SNK  |d 2019-10-23  |i snk2019/27056  |l 0  |o snkČSB 5361/22/2017 D1  |p 17A1370822  |r 2026-02-21 22:00:29  |t č. 1-2  |w 2026-02-21  |y PREZ 
952 |0 0  |1 0  |4 0  |7 0  |8 0  |a SNK  |b SNK  |d 2019-10-23  |f 1  |i snk2019/27061  |l 0  |o snkČSB 5361/23/2018  |p 17A1370823  |r 2026-02-21 22:00:29  |t č. 1-2  |w 2026-02-21  |y PREZ 
952 |0 0  |1 0  |4 0  |7 0  |8 0  |a SNK  |b SNK  |d 2019-10-23  |i snk2019/27062  |l 0  |o snkČSB 5361/23/2018 D1  |p 17A1370824  |r 2026-02-21 22:00:33  |t č. 1-2  |w 2026-02-21  |y PREZ 
952 |0 0  |1 0  |4 0  |7 0  |8 0  |a SNK  |b SNK  |d 2020-10-02  |f 1  |i snk2020/17703  |l 0  |o snkČSB 5361/24/2019  |p 17A1432374  |r 2026-02-21 22:16:08  |t č. 1-2  |w 2026-02-21  |y PREZ